| 000 | 00496nam a2200169Ia 4500 | ||
|---|---|---|---|
| 003 | OSt | ||
| 005 | 20210902123753.0 | ||
| 008 | 190216s9999||||xx |||||||||||||| ||und|| | ||
| 040 | _coclc | ||
| 082 |
_a492.79 _bBAS/M |
||
| 100 |
_aBasheer, K Mohammed _98665 |
||
| 245 | 0 |
_aAl Maqthoo Aath Al Adabiya / _cK Mohammed Basheer ; P M Mohmood |
|
| 260 |
_bTirurangadi Book Stall, _aCalicut: |
||
| 300 | _a111p | ||
| 650 | _aArabic | ||
| 942 |
_cBK _2ddc _h492.79 _iBAS/M _k492.79 _mBAS/M |
||
| 999 |
_c709 _d709 |
||